[Event "CAN-ch U20"]
[Site "Victoria"]
[Date "2009.07.26"]
[Round "4"]
[White "Cheng, Jack"]
[Black "Zhu, Zheng"]
[Result "1-0"]
[WhiteElo "2048"]
[BlackElo "1581"]
[PlyCount "143"]
[EventDate "2009.07.25"]
[EventType "swiss"]
[EventRounds "7"]
[EventCountry "CAN"]
[SourceTitle "EXT 2011"]
[Source "ChessBase"]
[SourceDate "2010.11.26"]
[SourceVersion "1"]
[SourceVersionDate "2010.11.26"]
[SourceQuality "1"]

1. e4 e6 2. d4 d5 3. e5 c5 4. c3 Nc6 5. Nf3 Qb6 6. Be2 cxd4 7. cxd4 Nh6 8. Nc3 Nf5 9. Na4 Qa5+ 10. Kf1 Bd7 11. Nc3 h5 12. a3 Rc8 13. Be3 Nxe3+ 14. fxe3 Ne7 15. Bd3 Nf5 16. Kf2 g6 17. b4 Qd8 18. Na4 Bh6 19. Bxf5 gxf5 20. Nc5 Bc6 21. b5 b6 22. bxc6 bxc5 23. Qa4 Qc7 24. Rab1 0-0 25. Rhc1 c4 26. Rc3 Qxc6 27. Qxa7 Ra8 28. Qe7 Rfb8 29. Rbc1 Qb7 30. Qf6 Bg7 31. Qg5 Qb2+ 32. R1c2 Qa1 33. Qxh5 Rb2 34. Ng5 Rxc2+ 35. Rxc2 Ra7 36. Nh7 Qxa3 37. Nf6+ Kf8 38. Qh7 Ra8 39. Qg8+ Ke7 40. Qxg7 Qd3 41. Rb2 Qb3 42. Rxb3 cxb3 43. Nxd5+ exd5 44. Qf6+ Kd7 45. Qb6 Ra2+ 46. Kg3 Rb2 47. Qb4 Rb1 48. Qc3 Ke8 49. Qb4 Kd8 50. Qa3 Ke8 51. h4 Kd8 52. h5 Rh1 53. Qxb3 Rxh5 54. Qxd5+ Ke8 55. Qc6+ Kf8 56. Kf4 Kg8 57. d5 Rh4+ 58. Kxf5 Rh1 59. d6 Kh7 60. d7 f6 61. exf6 Rh4 62. g4 Rh2 63. Qc7 Rf2+ 64. Ke5 Kh6 65. d8Q Kg5 66. f7+ Kxg4 67. Qc4+ Kh5 68. Qch4+ Kg6 69. Qhg5+ Kh7 70. f8N+ Kh8 71. Qh6+ Kg8 72. Qh7# 1-0

[Event "CAN-ch U14"]
[Site "Victoria"]
[Date "2009.07.23"]
[Round "5"]
[White "Zhu, Zheng"]
[Black "Goodwin, William"]
[Result "1-0"]
[WhiteElo "1581"]
[BlackElo "1028"]
[PlyCount "43"]
[EventDate "2009.07.21"]
[EventType "swiss"]
[EventRounds "8"]
[EventCountry "CAN"]
[SourceTitle "EXT 2011"]
[Source "ChessBase"]
[SourceDate "2010.11.26"]
[SourceVersion "1"]
[SourceVersionDate "2010.11.26"]
[SourceQuality "1"]

1. e4 c5 2. Nf3 Nf6 3. e5 Nh5 4. c3 a6 5. d4 cxd4 6. g4 Qa5 7. gxh5 dxc3 8. Nxc3 Nc6 9. Bf4 d6 10. exd6 Bf5 11. Bd3 0-0-0 12. Rc1 Nb4 13. Bxf5+ Qxf5 14. Nd5+ Nc6 15. Nb6+ Kb8 16. dxe7+ Qxf4 17. exd8Q+ Ka7 18. Qa8+ Kxb6 19. Rxc6+ Kxc6 20. Qc8+ Kb5 21. Qcd7+ Kc5 22. Q1d5+ 1-0

[Event "CAN-ch U14"]
[Site "Victoria"]
[Date "2009.07.22"]
[Round "3"]
[White "Gladstone, Simon"]
[Black "Zhu, Zheng"]
[Result "1/2-1/2"]
[WhiteElo "1876"]
[BlackElo "1581"]
[PlyCount "113"]
[EventDate "2009.07.21"]
[EventType "swiss"]
[EventRounds "8"]
[EventCountry "CAN"]
[SourceTitle "EXT 2011"]
[Source "ChessBase"]
[SourceDate "2010.11.26"]
[SourceVersion "1"]
[SourceVersionDate "2010.11.26"]
[SourceQuality "1"]

1. e4 e6 2. d4 d5 3. Nd2 Nf6 4. e5 Nfd7 5. Bd3 c5 6. c3 Nc6 7. Ne2 Qb6 8. Nf3 f6 9. exf6 Nxf6 10. 0-0 cxd4 11. Nexd4 Bc5 12. Qb3 Nxd4 13. Nxd4 Bxd4 14. Qa4+ Bd7 15. Qxd4 Qxd4 16. cxd4 0-0 17. Bd2 Rac8 18. f3 Rc7 19. Rac1 Rfc8 20. Rc3 Rxc3 21. bxc3 Ne8 22. Rb1 Bc6 23. Bf4 Rd8 24. Bb5 Bxb5 25. Rxb5 b6 26. Kf2 Nd6 27. Bxd6 Rxd6 28. Ke3 Kf7 29. Kd3 Rc6 30. Rb4 Ke7 31. c4 dxc4+ 32. Rxc4 Kd6 33. Rxc6+ Kxc6 34. Kc4 b5+ 35. Kb4 Kb6 36. h4 a5+ 37. Ka3 Kc6 38. Kb3 Kd5 39. Kc3 e5 40. dxe5 Kxe5 41. g3 h5 42. Kd3 Kd5 43. Kc3 g6 44. a3 b4+ 45. axb4 axb4+ 46. Kxb4 Kd4 47. g4 Ke3 48. gxh5 gxh5 49. Kc3 Kxf3 50. Kd2 Kg4 51. Ke2 Kxh4 52. Kf2 Kh3 53. Kg1 Kg3 54. Kh1 Kf2 55. Kh2 h4 56. Kh3 Kf3 57. Kxh4 1/2-1/2